LEADER 01084nam0-2200349---450- 001 990009747750403321 005 20130619145315.0 010 $a0876612249 035 $a000974775 035 $aFED01000974775 035 $a(Aleph)000974775FED01 035 $a000974775 100 $a20130619d1988----km-y0itay50------ba 101 0 $aeng 102 $aUS 105 $ay-------001yy 200 1 $aLate antiquity, A.D. 267-700$fby Alison Frantz$gwith contributions by Homer A. Thompson and John Travlos 210 $aPrinceton, New Jersey$cThe American School of Classical Studies at Athens$d1988 215 $aXXI, 156 p., [77] p. di tav.$cill.$d32 cm 225 1 $a<>Athenian Agora$v24 610 0 $aGrecia antica$aCiviltà 676 $a938.5$v22 700 1$aFrantz,$bAlison$0167121 702 1$aThompson,$bHomer A. 702 1$aTravlos,$bJohn 801 0$aIT$bUNINA$gRICA$2UNIMARC 901 $aBK 912 $a990009747750403321 952 $a938.5 TAA 1 (24)$bBibl. 25640$fFLFBC 959 $aFLFBC 996 $aLate antiquity: A.D$91297394 997 $aUNINA LEADER 01823nam 2200505I 450 001 9910703731203321 005 20150805083421.0 035 $a(CKB)5470000002434411 035 $a(OCoLC)915771288 035 $a(EXLCZ)995470000002434411 100 $a20150805j201412 ua 0 101 0 $aeng 135 $aurcn||||||||| 181 $ctxt$2rdacontent 182 $cc$2rdamedia 183 $acr$2rdacarrier 200 10$aAdvanced interval management (IM) concepts of operations /$fBryan E. Barmore, Nash'at N. Ahmad, and Matthew C. Underwood 210 1$aHampton, Virginia :$cNational Aeronautics and Space Administration, Langley Research Center,$dDecember 2014. 215 $a1 online resource (iv, 16 pages) $ccolor illustrations 225 1 $aNASA/TM ;$v2014-218664 300 $aTitle from title screen (viewed Aug. 5, 2015). 300 $a"December 2014." 320 $aIncludes bibliographical references (page 16). 517 $aAdvanced interval management 606 $aFlight operations$2nasat 606 $aAircraft landing$2nasat 606 $aAircraft approach spacing$2nasat 606 $aSatellite navigation systems$2nasat 606 $aAir traffic control$2nasat 615 7$aFlight operations. 615 7$aAircraft landing. 615 7$aAircraft approach spacing. 615 7$aSatellite navigation systems. 615 7$aAir traffic control. 700 $aBarmore$b Bryan E.$01398523 702 $aAhmad$b Nash'at N. 702 $aUnderwood$b Matthew C. 712 02$aLangley Research Center, 712 02$aUnited States.$bNational Aeronautics and Space Administration, 801 0$bGPO 801 1$bGPO 906 $aBOOK 912 $a9910703731203321 996 $aAdvanced interval management (IM) concepts of operations$93461953 997 $aUNINA LEADER 01613nas 2200373 n 450 001 990008945680403321 005 20240229084533.0 011 $a0097-1618 035 $a000894568 035 $aFED01000894568 035 $a(Aleph)000894568FED01 035 $a000894568 091 $2CNR$aP 00011454 100 $a20161109a18909999km-y0itaa50------ba 101 0 $aeng 102 $aUS 110 $aauu-------- 200 1 $aContributions from the United States National Herbarium 207 1$a1890- 210 $aWashington$c[s.n.] 530 0 $aContributions from the United States National Herbarium 675 $a58 676 $a580.7 712 02$aSmithsonian Institution United States National Herbarium 801 0$aIT$bACNP$c20090723 859 4 $uhttp://acnp.cib.unibo.it/cgi-ser/start/it/cnr/dc-p1.tcl?catno=5287&person=false&language=ITALIANO&libr=&libr_th=unina1$zBiblioteche che possiedono il periodico 901 $aSE 912 $a990008945680403321 958 $aBiblioteca Centralizzata. Facoltà di Agraria dell'Università Federico II di Napoli$b1909-1915;$fFAGBC 959 $aFAGBC 996 $aContributions from the United States National Herbarium$9797338 997 $aUNINA AP1 8 $6866-01$aNA087 Biblioteca Centralizzata. Facoltà di Agraria dell'Università Federico II di Napoli$ev. Università, 100 Palazzo Reale, 80055 Portici (NA)$m081-2539322$m081-7760229$nit AP2 40$aacnp.cib.unibo.it$nACNP Italian Union Catalogue of Serials$uhttp://acnp.cib.unibo.it/cgi-ser/start/it/cnr/df-p.tcl?catno=5287&language=ITALIANO&libr=&person=&B=1&libr_th=unina&proposto=NO